000 01259nam a22003377a 4500
003 EG-GICUC
005 20260211103534.0
008 260211s1998 ua ||||fr|||| 00| 0 ara d
017 _a98/7058
020 _a9660423416
040 _a EG-GICUC
_bara
_c EG-GICUC
_d EG-GICUC
_erda
041 _aara
082 0 4 _a343.1139
_bم ح . ج
_221
092 0 4 _221
099 _aLaw1 10 343.1139 م ح . ج 1983 1006444
100 0 _aمحمد سامي الشوا.
_eمؤلف.
245 1 2 _aالجريمة المنظمة وصداها على الأنظمة العقابية /
_cدكتور محمد سامي الشوا.
264 _aالقاهرة :
_bدار النهضة العربية،
_c1998.
300 _a246 صفحة ;
_c24 سم
_bإيضاحيات، صور، مثيليات ؛
336 _2rda content
_atext
337 _2rda media
_aComputer
338 _2rda carrier
_aOnline Resource
504 _aيشتمل على ارجاعات ببليوجرافية.
546 _aالنص باللغة العربية
650 1 _aقانون جنائي
_2qrmak
650 1 _aتقسيمات أخرى للجرائم
_2qrmak
651 1 _2qrmak
856 4 0 _uhttps://fll.law.cu.edu.eg/fulltext/bks/B10-06444.pdf
905 _a18
942 _2ddc
_cBK
_e21
_n0
999 _c62549
_d62549